00861nam a2200181 i 4500001000700000003000900007005001700016008004100033245020400074260006300278300002000341650004400361700005000405700005300455852002400508999001900532952012800551184560ES-MaACL20251006202419.0151022s1849 sp |||| | spa d00aColección de Cánones de la Iglesia española / cpublicada en latín... por Don Francisco Antonio Gonzalez... ; traducida al castellano, con notas é ilustraciones por D. Juan Tejada y Ramiro. aMadrid : b[s.n.], c1849 (fImp. de D. José Mª Alonso) a5 v. ; c31 cm. 7aDerecho canónico-zEspaña291579761 aTejada y Ramiro, Juan,d1811-ca. 187091095631 aGonzález, Francisco Antonio, dm. 18339157975 aES-MaACLjF-3370-74 c184560d184560 001040708LIBXIXaATENEOMbATENEOMcDEPO2d2015-10-22eSCl0oF-3370-74p1194308r2023-02-23 00:00:00w2023-02-23yMONANT